Paroles miki - particules - Statistiques

Statistiques générales
  • Ce quiz a été pris 93 fois
  • Le résultat moyen est 259 sur 326
Statistiques - réponses
Réponse % Correct
à
99%
a
99%
À
99%
au
97%
de
97%
je
97%
particule
97%
J'suis
94%
qui
94%
Qui
94%
qu'un
94%
qu'une
94%
autour
93%
ma
93%
me
93%
te
93%
toi
93%
Toi
93%
Quand
91%
quand
91%
se
91%
L.A ?
90%
la
90%
L.A. ?
90%
que
88%
brûle
87%
ça
87%
est
87%
est ?
87%
il
87%
Il
87%
quoi
86%
sert ?
86%
sert
86%
tel
86%
tél
86%
avec
84%
heure
84%
m'approche
84%
Quelle
84%
qu'elle
84%
Qu'elle
84%
t'es
84%
orbite
83%
tu
83%
Tu
83%
ces
81%
C'est
81%
c'est
81%
"C'est
81%
des
81%
elle ?
81%
ou
81%
si
81%
Si
81%
Mais
80%
soi
80%
perds
77%
ta
77%
une
77%
Et
75%
mon
75%
Est-ce
74%
pas
72%
sa
72%
Vinted
72%
Dans
71%
dans
71%
grand-mère
71%
le
71%
beau
70%
m'éloigne
70%
ses
70%
tête,
70%
vibre
70%
Y
70%
même
68%
réveille
68%
poudre
67%
blaireau
65%
moments
65%
peux
65%
prends
65%
tellement
65%
ai
64%
d'escampette
64%
rougis
64%
jette
62%
rêves
62%
taire
62%
coupe
61%
parles
61%
rac'
61%
belle
59%
d'elle
59%
foutre ?
59%
model"
59%
remplace
59%
top
59%
j'en
58%
Puisque
58%
fait
57%
J'étais
57%
qu'est-ce
57%
t'étais
57%
pendant
55%
place
55%
suffirait
55%
peine"
54%
voix
54%
d'un
52%
c'était
51%
savoir
51%
déjà
49%
fichier
49%
l'visio
48%
p't'être
46%
s'est
46%
té-co
46%
Alors
45%
sens
45%
J'me
43%
mot
43%
cèdes
39%
m'dis
39%
grain
36%
Impatient
36%
ders
35%
"t'inquiètes
33%
particu-u-ule
26%
creux
25%
mieux
17%
Aucun quiz correspondant
Distribution des résultats
% des personnes avec chaque résultat
Percentile par nombre de réponses
Votre historique - résultats
Vous n’avez pas pris ce quiz